000 00525nam a2200169 i 4500
001 20418
003 ES-MaACL
005 20230906152311.0
007 t|
008 021112s1919 sp ||||1| spa d
100 1 _aAguilera y Arjona, Alberto.
_918783
245 1 0 _aMunicipalización del pan en Madrid /
_cmoción de Alberto Aguilera y Arjona.
260 _aMadrid :
_b[s.n.],
_c1919 (
_fImprenta Municipal)
300 _a3 p. ;
_c24 cm.
500 _aPrecede al tit.: Ayuntamiento de Madrid.
852 _aES-MaACL
_j1583-F-4
999 _c20418
_d20418